| 000 | 00678nam a2200133Ia 4500 | ||
|---|---|---|---|
| 008 | 220620s9999||||xx |||||||||||||| ||und|| | ||
| 020 | _a9780260000000 | ||
| 100 | _aCastriota, Stefano | ||
| 245 | 0 | _aWine Economics | |
| 546 | _aEnglish[eng] | ||
| 650 | _aWine economics||economics of wine||Wine and Economics||Economia del Vino||American Wine Economics||Journal of Wine Economics||Denton Marks||James Thornton||France||Italy wine||France wine||United States wine||New Zealand wine||Australia wine||Chile wine||Argentina wine||South Africa wine||Spain wine||health effects wine||wine regulation||quality of wine | ||
| 856 | _uhttp://mitpress.mit.edu/9780262044677 | ||
| 942 | _cEB | ||
| 999 |
_c26855 _d26855 |
||